000 00623nam a2200229Ia 4500
003 OSt
005 20221007075849.0
006 a|||||r|||| 00| 0
007 ta
008 221006b |||||||| |||| 00| 0 eng d
024 _a912
037 _cTextual
040 _aFLL
_cFLL
_beng
041 _2eng
_aeng
082 _aX:541,1.K.480avi(Y:4), L6
100 _aGupta K.R.
245 0 _aGatt & Under Developed Countries
250 _a3rd
260 _aNew Delhi
_bPioneer Publications India
_c1976
942 _hX:541,1.K.480avi(Y:4), L6
_cTEXL
_2CC
999 _c1157638
_d1157638